[Event "Belgrade (Women) 50th"]
[Site "Belgrade"]
[Date "2018.03.07"]
[Round "5"]
[White "Eric, Jovana"]
[Black "Videnova, Iva"]
[Result "0-1"]
[WhiteElo "2265"]
[BlackElo "2323"]
[PlyCount "174"]
[EventDate "2018.03.03"]
[EventType "tourn"]
[EventRounds "11"]
[EventCountry "SRB"]
[EventCategory "1"]
[SourceTitle "CBM 183 Extra"]
[Source "ChessBase"]
[SourceDate "2018.04.19"]
[SourceVersion "1"]
[SourceVersionDate "2018.04.19"]
[SourceQuality "1"]

1. e4 c5 2. Nf3 e6 3. g3 Nc6 4. d3 Nf6 5. Nbd2 d5 6. Bg2 g6 7. 0-0 Bg7 8. exd5 Nxd5 9. Ne4 b6 10. c4 Nde7 11. Bg5 0-0 12. Nf6+ Kh8 13. Ne5 Nxe5 14. Bxa8 h6 15. Bh4 Qxd3 16. Nh5 Nf5 17. Nxg7 Kxg7 18. Qxd3 Nxd3 19. Be4 Nxb2 20. Bxf5 exf5 21. Be7 Re8 22. Rfe1 Be6 23. Bd6 Nxc4 24. Rad1 Nxd6 25. Rxd6 Rc8 26. a3 c4 27. Rc1 Kf6 28. Kf1 Ke5 29. Rd2 f4 30. Re1+ Kf5 31. Rd4 fxg3 32. hxg3 Kf6 33. Ke2 Rc5 34. Kd2 Rb5 35. Rf4+ Ke7 36. Rxc4 Rd5+ 37. Kc3 Rf5 38. f4 a5 39. a4 b5 40. axb5 Rxb5 41. Kd4 Kf6 42. Ra4 Bb3 43. Raa1 a4 44. g4 Rb4+ 45. Ke3 Be6 46. Rg1 g5 47. f5 Bd5 48. Rab1 Bb3 49. Rbc1 a3 50. Rc6+ Kg7 51. Ra6 a2 52. Kd2 Ba4 53. Ra1 Rxg4 54. Kc3 Bd7 55. f6+ Kg6 56. R1xa2 Rf4 57. Rh2 Be6 58. Ra8 Rxf6 59. Kd4 Rf4+ 60. Ke3 Kg7 61. Ra6 Rc4 62. Kd3 Rc8 63. Ke4 Kg6 64. Ke5 Rc5+ 65. Kd4 Rd5+ 66. Ke3 h5 67. Ra8 h4 68. Rg8+ Kf6 69. Rf2+ Bf5 70. Kf3 Rd3+ 71. Kg2 Rc3 72. Kh2 Rc2 73. Rxc2 Bxc2 74. Rc8 Bf5 75. Rc7 g4 76. Ra7 Be6 77. Ra5 Kg6 78. Re5 Bf5 79. Ra5 Kg5 80. Ra4 Be6 81. Ra5+ f5 82. Kg2 Bc4 83. Rc5 Bd3 84. Kh2 g3+ 85. Kg2 Kg4 86. Rc8 h3+ 87. Kg1 h2+ 0-1